zpět

Detail výsledku týmu

The Pub Praha 2 ST, Praha

Datum a čas kvízu

27 Celkem bodů Celkový počet nahraných bodů na tomto kvízu bez doplňovacích otázek.
9. Pořadí na kvízu Konečné umístění týmu na tomto kvízu.

Zaznamenané odpovědi

# Otázka Odpověď Body Výsledky
1. Novým generálním ředitelem Čes... Václav Nebeský 1
2. Ruská poslankyně Natalja Poklo... na Krym 0
3. Slavnostní otevření nové libeň... Kabát 1
4. Společnost Mattel představila... Panenky jsou genderově neutrální. 0
5. Čeští kajakáři i kajakářky zís... hlídky 1
6. V tomto tématu se podíváme na... Tábor, Šárka 1
7. Moderátorka a zpěvačka Emma Sm... Karel Oliva 0
8. Celá rostlina pampelišky, tedy... latex 0
9. Po Bedřichu Smetanovi byl pojm... Merkur 0
10. Futuretro, Biorytmy, Kluci kde... Tata Bojs 0